000
00281nam a22001217a 4500
008
170905b xxu||||| |||| 00| 0 eng d
041
_a
eng
080
_2
3ED
_a
070
100
_a
40
101
_a
MED
245
_a
ESSENTIAL INTERNATIONAL RELATIONS
_c
MIGEL.K.A
942
_2
udc
_c
BK
999
_c
26127
_d
26127